Tractatus de suppositionibus
Saved in:
| Hovedforfatter: | |
|---|---|
| Format: | Bog |
| Sprog: | latin |
| Udgivet: |
Stuttgart
Friedrich Frommann
1977
|
| Fag: | |
| Tags: |
Tilføj Tag
Ingen Tags, Vær først til at tagge denne postø!
|
MARC
| LEADER | 00000nam a2200000 a 4500 | ||
|---|---|---|---|
| 001 | UCU0697 | ||
| 003 | CL-VaPUC | ||
| 008 | 960327e19770000GW |||||||||||||||||lat|d | ||
| 082 | 0 | 4 | |a 189.4 |b FER |2 21 |
| 100 | 0 | |a Ferrer, Vicente |e author |9 356088 | |
| 245 | 1 | 0 | |a Tractatus de suppositionibus |
| 300 | |a 188 p | ||
| 942 | |c BK | ||
| 945 | |d 19960327 00:00:00 |a rbrito | ||
| 260 | |a Stuttgart |b Friedrich Frommann |c 1977 | ||
| 650 | 0 | |a Escolástica |9 345541 | |
| 650 | 0 | |a Filosofía medieval |9 256245 | |
| 650 | 0 | |a Ontología |9 256850 | |
| 650 | 0 | |a Lógica |9 256849 | |
| 650 | 0 | |a Existencialismo |9 265698 | |
| 583 | |a last modification |c 19960327 00:00:00 |k Rodrigo Vera | ||
| 999 | |c 245530 |d 245528 | ||
| 952 | |0 0 |1 0 |4 0 |6 189_400000000000000_FER_1977 |7 0 |8 A |9 260056 |a BIBEDU |b BIBEDU |d 2019-11-19 |i 3186016 |o 189.4 FER 1977 |p 3186016 |r 2019-11-19 |w 2019-11-19 |y BK |k FIL | ||